000 00191 a2200109 4500
020 _a849951295x
041 _aspa
100 _atrimble,irene
245 _abrave
942 _cBK
952 _71
999 _c18152
_d18152